NBA 2K Players Tournament - Statistics

General Stats
  • This quiz has been taken 42 times
  • The average score is 3 of 16
Answer Stats
Rank Player % Correct
1 Kevin Durant
83%
5 Devin Booker
54%
2 Trae Young
27%
4 Donovan Mitchell
20%
14 Patrick Beverly
17%
7 Zach LaVine
17%
10 Deandre Ayton
15%
3 Hassan Whiteside
15%
8 Montrezl Harrell
15%
11 Demarcus Cousins
12%
16 Derrick Jones Jr.
12%
9 Domantas Sabonis
12%
13 Rui Hachimura
12%
6 Andre Drummond
10%
12 Michael Porter Jr.
10%
15 Harrison Barnes
7%
No matching quizzes found
Score Distribution
Percent of People with Each Score
Percentile by Number Answered
Your Score History
You have not taken this quiz